Procesné riadenie výroby v podniku bakalárska práca

Guardado en:
Detalles Bibliográficos
Autor principal: Szépe, René
Autor Corporativo: Fakulta podnikového manažmentu EU. Katedra manažmentu výroby a logistiky - zrušená
Otros Autores: Boorová, Brigita, 1979-
Formato: Libro
Lenguaje:eslovaco
Publicado: Bratislava 2015
Etiquetas: Agregar Etiqueta
Sin Etiquetas, Sea el primero en etiquetar este registro!

MARC

LEADER 00000nbm a2200000 4500
001 0202968
005 20161212102458.9
041 0 |a slo 
044 |a SK 
245 1 0 |a Procesné riadenie výroby v podniku  |b bakalárska práca  |c René Szépe ; školiteľ: Brigita Boorová 
264 1 |a Bratislava  |c 2015 
300 |a 41 s. 
100 1 |a Szépe, René 
700 1 |a Boorová, Brigita, 1979- 
710 2 |a Fakulta podnikového manažmentu EU. Katedra manažmentu výroby a logistiky - zrušená